| 000 | 00697nam a2200253Ia 4500 | ||
|---|---|---|---|
| 008 | 171025s9999 xx 000 0 und d | ||
| 020 | _a130624357 | ||
| 050 | _a800 | ||
| 050 | _bP927 2003 | ||
| 245 | _aPrentice hall literature : | ||
| 245 | _btimeless voices, timeless themes / | ||
| 260 | _aUSA : | ||
| 260 | _bPeanson education, | ||
| 260 | _c2003 | ||
| 300 | _a842 pages : | ||
| 300 | _bcolored illustrations ; | ||
| 300 | _c25cm. | ||
| 500 | _aIncludes index and credits. | ||
| 650 | _aAmerican literature -- | ||
| 650 | _aEnglish literature -- | ||
| 650 | _aReader (Secondary). | ||
| 650 | _xStudy and teaching (Secondary). | ||
| 650 | _xStudy and teaching (Secondary). | ||
| 999 |
_c344765 _d344765 |
||